000 00410nam a2200145Ia 4500
008 220216s9999 xx 000 0 und d
100 _aOkino E Y A
245 0 _aProduction of particleboard and flakeboard from rubberwood( Hevea brasiliensis) Muell. Arg
260 _bRevista Arvore
_c2000
300 _a341-347
500 _aCAB CD 2001
700 _ade Sousa M R
700 _aSantana M A E
942 _cBO
999 _c47882
_d47882